Towards a safer Europe : policy papers /

Další autoři: Hokovský, Radko, 1983-
Jazyk: Angličtina
Vydáno: Praha : European Values, c2010
Témata:
Fyzický popis: 79 s., [4] s. barev. obr. příl. ; il., portréty ; 30 cm
Knihy
Uloženo v:
LEADER 01714nam a2200457 a 4500
001 nkc20102119504
003 CZ PrNK
005 20101012094705.0
007 ta
008 100809s2010 xr acf e 000 0 eng
015 |a cnb002119504 
020 |a 978-80-904158-7-4  |q (brož.) 
035 |a (OCoLC)681494660 
040 |a OLA001  |b cze 
043 |a e------ 
072 7 |a 327  |x Mezinárodní vztahy, světová politika  |2 Konspekt  |9 15 
080 |a 005.591-027.543  |2 MRF 
080 |a [339.923+327](4)  |2 MRF 
080 |a 316.423  |2 MRF 
080 |a (4)  |2 MRF 
080 |a (062.552)  |2 MRF 
245 0 0 |a Towards a safer Europe :  |b policy papers /  |c [general editor Radko Hokovský] 
260 |a Praha :  |b European Values,  |c c2010 
300 |a 79 s., [4] s. barev. obr. příl. ;  |b il., portréty ;  |c 30 cm 
500 |a Nad názvem: Europeanvalues.network 
504 |a Obsahuje bibliografii a bibliografické odkazy 
610 2 7 |a European Values Network (program)  |7 kn20080714013  |2 czenas 
650 0 7 |a mezinárodní programy a projekty  |7 ph136669  |z země Evropské unie  |2 czenas 
650 0 7 |a evropská integrace  |7 ph137464  |2 czenas 
650 0 7 |a globální problémy  |7 ph114633  |z Evropa  |2 czenas 
650 0 9 |a international programs and projects  |z European Union countries  |2 eczenas 
650 0 9 |a European integration  |2 eczenas 
650 0 9 |a global problems  |z Europe  |2 eczenas 
655 7 |a sborníky  |7 fd724344  |2 czenas 
655 9 |a papers  |2 eczenas 
700 1 |a Hokovský, Radko,  |d 1983-  |7 mzk2008458862  |4 edt 
910 2 |a BOA001  |b 4-1248.047 
990 |a BK 
995 |a 01 
991 |b 201008  |c NOV  |e n 
996 6 |b 2610445521  |c 4-1248.047  |l MZK  |r Sklad / do 1 hodiny  |n 1  |p p.v.  |w 001138500  |u 000010  |a 1  |e BOA001  |j MZK50  |s P